La ropita

Guardat en:
Dades bibliogràfiques
Autor principal: Baggott, Stella (Autor)
Format: Llibre
Idioma:espanyol
Publicat: Londres Usborne 2010
Col·lecció:El Bebé Descubre
Matèries:
Etiquetes: Afegir etiqueta
Sense etiquetes, Sigues el primer a etiquetar aquest registre!

MARC

LEADER 00000cam a2200000 a 4500
001 UCF4871
003 CL-VaPUC
005 20250414121318.0
008 130103e20100000UK |||||||||||||||||spa|d
999 |c 350558  |d 350556 
020 |a 9781409515944 
040 |c Pontificia Universidad Católica de Valparaíso 
082 0 4 |a 372.6  |b BAG  |2 21 
100 0 |a Baggott, Stella  |e author  |9 566560 
245 1 3 |a La ropita 
260 |a Londres  |b Usborne  |c 2010 
300 |a pág. irreg 
490 0 |a El Bebé Descubre 
583 |a last modification  |c 20130103 11:06:00  |k Rodrigo Vera 
650 0 |a Literatura infantil  |9 270413  |x Cuentos 
942 |c BK  |2 ddc 
945 |d 20130103 00:00:00  |a dcastane 
952 |0 0  |1 0  |4 0  |6 372_600000000000000_BAG_2010  |7 0  |8 A  |9 453985  |a BIBEDU  |b BIBEDU  |d 2019-11-22  |i 4937767  |l 2  |o 372.6 BAG 2010  |p 4937767  |r 2024-06-19  |s 2024-05-30  |w 2019-11-22  |y BK  |k EPE